Statistics for Largest Universities

Click here to take the quiz!

General Stats

  • This quiz has been taken 4 times
  • The average score is 8 of 49

Answer Stats

CountryStudent PopulationUniversity% Correct
Argentina311,175University of Buenos Aires
50%
USA527,127University System of Ohio
50%
Egypt170,000Ain Shams University
25%
Pakistan1,121,038Allama Iqbal Open University
25%
Turkey1,969,733Anadolu University
25%
Greece73,498Aristotle University of Thessaloniki
25%
Bangladesh2,097,182Bangladesh National University
25%
Brazil215,000Estácio S.A.
25%
India4,000,000Indira Gandhi National Open University
25%
Iran1,500,000Islamic Azad University
25%
Saudi Arabia177,234King Abdulaziz University
25%
South Korea173,758Korea National Open University
25%
Russia200,000Modern University for the Humanities
25%
Mexico330,382National Autonomous University of Mexico
25%
Spain260,079National University of Distance Education
25%
UK253,075Open University
25%
Thailand525,000Ramkhamhaeng University
25%
Italy112,564Sapienza University of Rome
25%
China80,000Shanghai Open University
25%
Romania311,928Spiru Haret University
25%
Nepal143,899Tribhuvan University
25%
Dominican Republic170,530Universidad Autónoma de Santo Domingo
25%
Guatemala153,000Universidad de San Carlos de Guatemala
25%
Indonesia585,700Universitas Terbuka
25%
Canada92,000Université du Québec
25%
Malaysia100,000Universiti Teknologi MARA
25%
Germany76,689University of Hagen
25%
Portugal48,100University of Lisbon
25%
South Africa328,179University of South Africa
25%
Albania75,000University of Tirana
25%
Austria91,000University of Vienna
25%
Denmark43,600Aarhus University
0%
France120,000Centre national d'enseignement à distance
0%
Belgium55,484KU Leuven
0%
Sweden30,646Lund University
0%
Singapore38,300National University of Singapore
0%
Norway39,000Norwegian University of Science and Technology
0%
Philippines68,249Polytechnic University of the Philippines System
0%
Venezuela57,569Universidad Central de Venezuela
0%
Kosovo41,833Universiteti i Prishtinës
0%
Ireland32,900University College Dublin
0%
Botswana32,000University of Botswana
0%
Finland36,500University of Helsinki
0%
Iceland13,782University of Iceland
0%
Slovenia48,821University of Ljubljana
0%
Bosnia and Herzegovina30,866University of Sarajevo
0%
Macedonia50,000University of Skopje
0%
Trinidad and Tobago60,000University of the West Indies
0%
Switzerland26,356University of Zurich
0%

Score Distribution

Percentile by Number Answered

Percent of People with Each Score

Your Score History

You have not taken this quiz